[Event "AUTO-INT-1543"]
[Site "http://www.queenalice.com/game.php?id=695618"]
[Date "2009.12.10"]
[Round "1"]
[White "lialcham"]
[Black "markmooney"]
[Result "0-1"]
[WhiteElo "1563"]
[BlackElo "1776"]

1. e4 c5 2. c4 Nc6 3. Nf3 b6 4. d3 Bb7 5. Nc3 e6 6. e5 d6 7. exd6 Bxd6 8. Nb5
Bb8 9. Ng5 Nd4 10. Nxd4 Qxd4 11. Qb3 Nf6 12. h3 O-O 13. Be3 Qd7 14. Rd1 Bd6 15.
f3 Bg3+ 16. Bf2 Bxf2+ 17. Kxf2 Qd4+ 18. Ke1 Qe3+ 19. Be2 Nh5 20. Ne4 Nf4 21. Rd2
Nxg2+ 22. Kd1 Nh4 23. Rf1 Nf5 24. d4 Qxb3+ 25. axb3 Ne3+ 26. Ke1 Nxf1 27. Bxf1
cxd4 28. Rxd4 f5 29. Nd6 Bxf3 30. Nb5 e5 31. Rd6 e4 32. Nd4 Bh5 33. Ne6 Rf6 34.
h4 Kf7 35. Ng5+ Kg6 36. Rd7 a5 37. Kd2 h6 38. Nh3 f4 39. Rd4 e3+ 40. Kd3 Raf8
41. Rd7 Bg4 42. Ng1 Bxd7 43. Nf3 Kh5 44. Ne5 Bf5+ 45. Ke2 Kxh4 46. Kf3 g5 47.
Bd3 Bxd3 48. Nd7 g4+ 49. Kg2 f3+ 50. Kg1 f2+ 51. Kg2 f1=Q+ 52. Kh2 g3# 0-1

[Event "AUTO-INT-1543"]
[Site "http://www.queenalice.com/game.php?id=695629"]
[Date "2009.12.10"]
[Round "1"]
[White "annalay"]
[Black "lialcham"]
[Result "1-0"]
[WhiteElo "1484"]
[BlackElo "1578"]

1. d4 d5 2. Nc3 e6 3. e4 Bb4 4. e5 Bxc3+ 5. bxc3 f5 6. exf6 Qxf6 7. Nf3 h6 8.
Bd3 a6 9. Ne5 Ne7 10. c4 dxc4 11. Bxc4 b5 12. Bd3 O-O 13. Be3 g5 14. Qh5 Nd7 15.
Ng6 Nxg6 16. Qxh6 Kf7 17. Qh7+ Ke8 18. Bxg6+ Kd8 19. Rd1 Rh8 20. Qf7 Qxf7 21.
Bxf7 Ke7 22. Bg6 e5 23. dxe5 Nxe5 24. Be4 Rb8 25. Bd4 Ke6 26. O-O Rh4 27. Rfe1
Bb7 28. Bxb7 Rxb7 29. Rxe5+ Kd6 30. Rxg5 Ke6 31. Re5+ Kd6 32. Bb2+ Kc6 33. Re6+
Kc5 34. Ba3+ b4 35. Bb2 c6 36. g3 Rg4 37. Re5+ Kb6 38. Bd4+ c5 39. Bxc5+ Ka5 40.
Be3+ Ka4 41. Bc5 Rc4 42. Rd2 Rc7 43. Rdd5 Rxc2 44. Bb6 Rxa2 45. Bxc7 b3 46. Re4+
Ka3 47. Bd6+ Kb2 48. h4 Kc3 49. Bb4+ Kb2 50. Rd2+ Kc1 51. Re1# 1-0

[Event "AUTO-INT-1543"]
[Site "http://www.queenalice.com/game.php?id=695630"]
[Date "2009.12.10"]
[Round "1"]
[White "lialcham"]
[Black "annalay"]
[Result "0-1"]
[WhiteElo "1593"]
[BlackElo "1400"]

1. e4 c5 2. c4 Nc6 3. Nf3 g6 4. d3 Bg7 5. Ng5 Nh6 6. Qf3 f5 7. exf5 O-O 8. Qd5+
e6 9. fxe6 dxe6 10. Qxc5 Qa5+ 11. Qxa5 Nxa5 12. b4 Nc6 13. Nc3 Nxb4 14. Ba3 Nc2+
15. Kd1 Nxa3 16. Rc1 Rxf2 17. Nf3 Nf5 18. Ke1 Rb2 19. Na4 Rxa2 20. Rc3 Nc2+ 21.
Rxc2 Rxc2 22. Kd1 Ra2 23. Nc5 Ne3+ 24. Ke1 Bc3+ 25. Nd2 e5 26. Ke2 Bxd2 27. Kf3
Bg4+ 28. Ke4 Ra1 29. h3 Nxf1 30. Rxf1 Rxf1 31. hxg4 Re1+ 32. Kf3 Rf8+ 33. Kg3
Rh1 34. Ne6 Be1# 0-1

[Event "AUTO-INT-1543"]
[Site "http://www.queenalice.com/game.php?id=695637"]
[Date "2009.12.10"]
[Round "1"]
[White "lialcham"]
[Black "Umma"]
[Result "1-0"]
[WhiteElo "1581"]
[BlackElo "1485"]

1. e4 e5 2. Nf3 Nf6 3. d3 Nc6 4. Bg5 Bb4+ 5. c3 h6 6. Bxf6 Qxf6 7. cxb4 Nxb4 8.
a3 Qa6 9. Qb3 c5 10. Nxe5 b5 11. Qxf7+ Kd8 12. Kd2 Qd6 13. Qxg7 Rf8 14. Nf7+ Ke8
15. Nxd6+ Kd8 16. Qxh6 Rxf2+ 17. Kd1 Nc2 18. Ra2 Ne3+ 19. Qxe3 Rf6 20. Qg5 Ke7
21. e5 Ke6 22. Qxf6+ Kd5 23. g4 Bb7 24. Bg2+ Kd4 25. Nxb7 Re8 26. Qf4+ Kxd3 27.
Qe4# 1-0

[Event "AUTO-INT-1543"]
[Site "http://www.queenalice.com/game.php?id=695638"]
[Date "2009.12.10"]
[Round "1"]
[White "Umma"]
[Black "lialcham"]
[Result "0-1"]
[WhiteElo "1400"]
[BlackElo "1569"]

1. e4 e5 2. d3 d6 3. Nf3 Bg4 4. c4 c5 5. Qa4+ Nc6 6. Bg5 f6 7. h3 Bxf3 8. Nc3
fxg5 9. gxf3 Qb6 10. Nd5 O-O-O 11. Nxb6+ axb6 12. h4 gxh4 13. Bh3+ Kb8 14. Rg1
Nd4 15. Bg2 Nf6 16. Qa6 bxa6 17. O-O-O Ne2+ 18. Kb1 Nxg1 19. Rxg1 g5 20. Rc1 g4
21. Rc3 h3 22. Bf1 h2 23. Bg2 gxf3 24. Bxf3 Ng4 25. Rc1 Nxf2 26. d4 cxd4 27. Rf1
Nd3 28. Rh1 Rg8 29. Rxh2 Rg1+ 30. Bd1 Nb4 31. c5 dxc5 0-1

[Event "AUTO-INT-1661"]
[Site "http://www.queenalice.com/game.php?id=755597"]
[Date "2010.4.3"]
[Round "1"]
[White "LEOKnopp"]
[Black "lialcham"]
[Result "1-0"]
[WhiteElo "1484"]
[BlackElo "1599"]

1. e4 e5 2. Nf3 d6 3. Bc4 f6 4. Nc3 c6 5. d3 b5 6. Bxb5 cxb5 7. Nxb5 Qa5+ 8. Nc3
Nc6 9. a3 Nd4 10. b4 Qc7 11. Nxd4 Qxc3+ 12. Bd2 Qxd4 13. c3 Qb6 14. Be3 Qc6 15.
c4 g5 16. b5 Qd7 17. O-O Nh6 18. d4 Qg4 19. f3 Qe6 20. d5 Qd7 21. Qa4 Ba6 22.
Qxa6 Be7 23. b6 Kf7 24. b7 Rab8 25. Rab1 Kg6 26. Bxa7 Rxb7 27. Rxb7 Qe8 28. Rb8
Qd7 29. Rxh8 Bd8 30. g4 Nf7 31. Rg8+ Kh6 32. Rb1 Bc7 33. Bb8 Bxb8 34. Rb7 Bc7
35. Qa8 Nd8 36. Rxd8 Qxd8 37. Qa7 Qe7 38. Rxc7 Qd8 39. Rxh7+ Kg6 40. Qg7# 1-0

[Event "AUTO-INT-1661"]
[Site "http://www.queenalice.com/game.php?id=755598"]
[Date "2010.4.3"]
[Round "1"]
[White "lialcham"]
[Black "LEOKnopp"]
[Result "1-0"]
[WhiteElo "1587"]
[BlackElo "1496"]

1. e4 e5 2. Nf3 Nc6 3. Bb5 a6 4. Bxc6 dxc6 5. Nxe5 Bc5 6. c3 Bd6 7. f4 c5 8. Qh5
g6 9. Qe2 f6 10. Nc4 Bxf4 11. e5 f5 12. g3 Qd5 13. gxf4 Qxh1+ 14. Qf1 Qxh2 15.
d3 Qh4+ 16. Qf2 Qh1+ 17. Kd2 Be6 18. Qxc5 Qg2+ 19. Kd1 Ne7 20. Qxc7 Qf1+ 21. Kc2
Qe2+ 22. Bd2 Rc8 23. Nd6+ Kf8 24. Nxc8 Nxc8 25. Qxb7 h5 26. Na3 Ne7 27. Qxa6 Kf7
28. Re1 Qf2 29. c4 Rb8 30. Nb5 Rb6 31. Qa8 Bc8 32. Nd6+ Ke6 33. Nxc8 Rc6 34.
Nxe7 Rc7 35. Nd5 Re7 36. Qc6+ Kf7 37. Qf6+ Kg8 38. Nxe7+ Kh7 39. Qxg6+ Kh8 40.
Qg8# 1-0

[Event "AUTO-INT-1661"]
[Site "http://www.queenalice.com/game.php?id=755609"]
[Date "2010.4.3"]
[Round "1"]
[White "Scooby_99"]
[Black "lialcham"]
[Result "0-1"]
[WhiteElo "1528"]
[BlackElo "1573"]

1. e4 e5 2. Nf3 d6 3. d4 exd4 4. Qxd4 Nc6 5. Qd1 Bg4 6. Bb5 Qd7 7. Nc3 a6 8. Be2
b5 9. a3 O-O-O 10. Nxb5 axb5 0-1

[Event "AUTO-INT-1661"]
[Site "http://www.queenalice.com/game.php?id=755610"]
[Date "2010.4.3"]
[Round "1"]
[White "lialcham"]
[Black "Scooby_99"]
[Result "1-0"]
[WhiteElo "1558"]
[BlackElo "1543"]

1. e4 e5 2. Nf3 Nc6 3. Bb5 Nf6 4. Bxc6 dxc6 5. Nxe5 Bc5 6. Nd3 Bxf2+ 7. Nxf2 h5
8. h3 Be6 9. d3 Qe7 10. Bg5 O-O-O 11. e5 1-0

[Event "AUTO-INT-1661"]
[Site "http://www.queenalice.com/game.php?id=755615"]
[Date "2010.4.3"]
[Round "1"]
[White "profeta"]
[Black "lialcham"]
[Result "1-0"]
[WhiteElo "1562"]
[BlackElo "1578"]

1. e4 e5 2. Bc4 Nf6 3. Qf3 Nc6 4. c3 d6 5. h3 a6 6. d3 b5 7. Bb3 b4 8. cxb4 Nxb4
9. a3 Nc6 10. Nc3 Nd4 11. Qd1 Rb8 12. Ba4+ Bd7 13. Bxd7+ Nxd7 14. Nf3 c5 15. Qa4
Nb3 16. Nd5 Nxa1 17. O-O Nb3 18. Qxa6 Nf6 19. Nxf6+ Qxf6 20. Qc6+ Kd8 21. Bg5
Rc8 22. Bxf6+ gxf6 23. Qb6+ Ke8 24. Qxb3 Bh6 25. g4 Bf4 26. Qb5+ Ke7 27. Qb7+
Ke6 28. h4 Rb8 29. Qd5+ Ke7 30. g5 Rxb2 31. gxf6+ Kxf6 32. Qxd6+ Kg7 33. Ng5
Bxg5 34. hxg5 Rd2 35. Qxe5+ Kg8 36. Qxc5 Rxd3 37. e5 Kg7 38. f4 h6 39. g6 Kxg6
40. Qc6+ Kg7 41. f5 Rhd8 42. f6+ Kg6 43. Qg2+ Kh5 44. Rf5+ Kh4 45. Rf4+ Kh5 46.
Qg4# 1-0

[Event "AUTO-INT-1661"]
[Site "http://www.queenalice.com/game.php?id=755616"]
[Date "2010.4.3"]
[Round "1"]
[White "lialcham"]
[Black "profeta"]
[Result "1-0"]
[WhiteElo "1590"]
[BlackElo "1579"]

1. e4 e5 2. Nf3 Nc6 3. Bb5 a6 4. Bxc6 bxc6 5. Nxe5 Nh6 6. d3 f6 7. Nc4 d5 8.
exd5 cxd5 9. Na5 Bb4+ 10. Bd2 Qe7+ 11. Qe2 Qxe2+ 12. Kxe2 Bxa5 13. Bxa5 c6 14.
Nc3 O-O 15. d4 Re8+ 16. Kd2 Nf5 17. Kd3 Bd7 18. g4 Nh4 19. Rhg1 f5 20. g5 f4 21.
Ne2 Bf5+ 22. Kc3 Rxe2 23. Rac1 Rxf2 24. Rgf1 Rxh2 25. Rxf4 Re8 26. Bc7 Re3+ 27.
Kb4 Re4 28. Rxe4 dxe4 29. Bxh2 Nf3 30. Bf4 Nxd4 31. c3 Ne6 32. Be3 g6 33. Rd1
Nc7 34. Rd8+ Kf7 35. c4 Ke7 36. Rh8 h5 37. Bc5+ Ke6 38. Bb6 a5+ 39. Kxa5 Kd7 40.
Rh7+ Kd6 41. Bxc7+ Kc5 42. b3 e3 43. Bb6+ Kd6 44. Bxe3 Ke5 45. Rc7 Ke4 46. Re7+
Kf3 47. Kb6 h4 48. Bg1 Kg2 49. Bd4 Kg3 50. Kxc6 h3 51. Rh7 Be4+ 52. Kd6 Kg2 53.
Be5 Bc2 54. c5 Bb1 55. a3 Kf3 56. Rxh3+ Ke4 57. c6 1-0

[Event "AUTO-INT-1719"]
[Site "http://www.queenalice.com/game.php?id=785588"]
[Date "2010.6.4"]
[Round "1"]
[White "Kuroi"]
[Black "lialcham"]
[Result "0-1"]
[WhiteElo "1742"]
[BlackElo "1610"]

1. e4 e5 2. Nf3 d6 3. Nc3 Bg4 4. g3 Nc6 5. Bg2 Nd4 6. O-O Nf6 7. b3 d5 8. d3 h6
9. Bb2 dxe4 10. dxe4 Bb4 11. h3 Bxf3 12. Bxf3 Nxf3+ 13. Qxf3 Qd4 14. Nd1 Qxe4
15. Qxe4 Nxe4 16. Bxe5 f6 17. Bxc7 Rc8 18. Bf4 Rxc2 19. Ne3 Rc8 20. Nd5 Bc5 21.
Rfe1 Bxf2+ 22. Kg2 Bxe1 23. Rxe1 f5 24. Nb4 a5 25. Nd3 Rc2+ 26. Kf3 Rc3 27. Rd1
Kf7 28. Be5 Rc2 29. Ne1 Rxa2 30. Rd7+ Ke6 31. Rxb7 Kxe5 32. Rxg7 Ng5+ 33. Ke3
Re8 34. Nf3+ Kd5+ 35. Kf4 Ne6+ 36. Kxf5 Nxg7+ 37. Kg6 Rf2 38. Nh4 Ne6 39. Kxh6
Rh2 40. Nf5 Rxh3+ 41. Kg6 Rb8 42. g4 Rbxb3 43. Ne7+ Kd6 44. Nf5+ Kd7 45. Ng7
Nxg7 0-1

[Event "AUTO-INT-1719"]
[Site "http://www.queenalice.com/game.php?id=785589"]
[Date "2010.6.4"]
[Round "1"]
[White "lialcham"]
[Black "Kuroi"]
[Result "1-0"]
[WhiteElo "1589"]
[BlackElo "1767"]

1. e4 e5 2. Nf3 Nf6 3. d3 Nc6 4. Bg5 g6 5. Nc3 Bg7 6. Nd5 O-O 7. Qd2 a6 8. Be2
d6 9. Bh6 Nxd5 10. exd5 Bxh6 11. Qxh6 f6 12. dxc6 bxc6 13. O-O Bf5 14. Nh4 Be6
15. g4 g5 16. Nf5 Bxf5 17. gxf5 d5 18. b4 d4 19. Bh5 Qd7 20. Bg4 a5 21. a3 axb4
22. axb4 Rxa1 23. Rxa1 Qc8 24. Ra5 Qb7 25. Ra4 c5 26. bxc5 Qb1+ 27. Kg2 Qxc2 28.
Ra6 Qxc5 29. Rxf6 Rxf6 30. Qxf6 Qd5+ 31. f3 Qa2+ 32. Kg3 c5 33. Bh5 c4 34. Qf7+
Kh8 35. Qf8# 1-0

[Event "AUTO-INT-1719"]
[Site "http://www.queenalice.com/game.php?id=785603"]
[Date "2010.6.4"]
[Round "1"]
[White "Augustocampos"]
[Black "lialcham"]
[Result "0-1"]
[WhiteElo "1374"]
[BlackElo "1593"]

1. c4 c5 2. f4 f5 3. Nh3 e6 4. Nc3 a6 5. e4 fxe4 6. Nxe4 Qb6 7. d3 Be7 8. Qh5+
g6 9. Qe5 Nf6 10. a4 d6 11. Qc3 Nbd7 12. a5 Qc7 13. Nhg5 e5 14. Ne6 Qc6 15. Ng7+
Kf7 16. Ng5+ Kxg7 17. Ne6+ Kf7 18. Ng5+ Ke8 19. b4 cxb4 20. Qb3 d5 21. fxe5 Nxe5
22. Ra4 b5 23. Ra2 dxc4 24. dxc4 bxc4 25. Qe3 Neg4 26. Qe2 b3 27. Ne6 Bxe6 28.
Rb2 Bb4+ 29. Bd2 c3 30. Bg5 cxb2+ 31. Kd1 b1=Q+ 32. Bc1 Qcxc1# 0-1

[Event "AUTO-INT-1719"]
[Site "http://www.queenalice.com/game.php?id=785604"]
[Date "2010.6.4"]
[Round "1"]
[White "lialcham"]
[Black "ditommaso"]
[Result "0-1"]
[WhiteElo "1606"]
[BlackElo "1669"]

1. e4 e5 2. Nf3 Nc6 3. Bb5 Nd4 4. Nxd4 exd4 5. Bd3 d5 6. exd5 Qxd5 7. Qe2+ Be7
8. O-O b6 9. b3 Bb7 10. f3 Nf6 11. Bc4 Qf5 12. Bd3 Qh5 13. g4 Qh3 14. Na3 h5 15.
g5 Nd5 16. Be4 Nf4 17. Qb5+ c6 18. Bxc6+ Kd8 19. Rf2 Bxc6 20. Qxc6 Rc8 21. Qe4
Bxg5 22. Qxd4+ Ke7 23. d3 Bf6 24. Qe3+ Ne6 25. d4 Bxd4 26. Qe2 Bxf2+ 27. Kxf2
Qxh2+ 28. Ke1 Qxe2+ 29. Kxe2 h4 30. Be3 h3 31. Rh1 g5 32. Nc4 b5 33. Ne5 Rxc2+
34. Kd1 Rd8+ 35. Kxc2 Kf6 36. Nc6 Rc8 37. Bd4+ Nxd4+ 38. Kd3 Nxc6 39. Rc1 Kf5
40. Rc5+ Ne5+ 41. Kd4 Rxc5 42. Kxc5 h2 43. Kxb5 h1=Q 44. a4 Qf1+ 45. Kb4 Nc6+
46. Kc5 Qxf3 47. b4 Ne7 48. b5 Ke6 49. b6 Qc6+ 50. Kb4 Nd5+ 51. Ka3 Qc3+ 52. Ka2
Nb4+ 53. Kb1 Qc2+ 54. Ka1 Qa2# 0-1

[Event "AUTO-INT-1719"]
[Site "http://www.queenalice.com/game.php?id=785605"]
[Date "2010.6.4"]
[Round "1"]
[White "ditommaso"]
[Black "lialcham"]
[Result "0-1"]
[WhiteElo "1711"]
[BlackElo "1568"]

1. e4 e5 2. Bc4 c6 3. Qf3 Nh6 4. d3 b5 5. Bb3 a5 6. Bxh6 Qf6 7. Qxf6 gxf6 8.
Bxf8 Rxf8 9. Nf3 a4 10. Nbd2 axb3 11. Nxb3 Na6 12. d4 Nb4 13. O-O Nxc2 14. Rac1
Nxd4 15. Nbxd4 exd4 16. Nxd4 Rxa2 17. Ra1 Rxb2 18. Nf5 d5 19. Nd6+ Kd7 20. Nf5
dxe4 21. Rfd1+ Ke6 22. Ng7+ Ke5 23. Ra6 Rg8 24. Nh5 Bg4 25. f4+ Kf5 26. Ng3+
Kxf4 27. Rf1+ Ke5 28. Rxc6 Rg6 29. Rc5+ Kd4 30. Rfc1 Ke3 31. Re1+ Kd4 32. Rc7 e3
33. Rd7+ Bxd7 34. Rd1+ Rd2 35. Ra1 b4 36. Kf1 Bb5+ 37. Ke1 Rxg2 38. Nf5+ Ke5 39.
Nxe3 Rg1+ 0-1

[Event "AUTO-INT-1661"]
[Site "http://www.queenalice.com/game.php?id=812088"]
[Date "2010.8.2"]
[Round "2"]
[White "rpalmero"]
[Black "lialcham"]
[Result "1-0"]
[WhiteElo "2002"]
[BlackElo "1612"]

1. e4 e5 2. Nf3 d6 3. Bc4 h6 4. Nc3 c6 5. d3 a5 6. a4 Bg4 7. h3 Bh5 8. g4 Bg6 9.
Be3 c5 10. Qd2 Nc6 11. Nd5 Nge7 12. c3 h5 13. g5 f5 14. gxf6 Nxd5 15. fxg7 Bxg7
16. Bxd5 Qb6 17. Rg1 Ne7 18. Nh4 Nxd5 19. exd5 Bf6 20. Nxg6 Rg8 21. Ke2 Kf7 22.
Nxe5+ Bxe5 23. f4 Rxg1 24. Rxg1 Bg7 25. Kf3 Rg8 26. Rg5 h4 27. Qc2 Bh6 28. Rxg8
Kxg8 29. Kg4 Qd8 30. Bf2 Qf8 31. Qd2 Qg7+ 32. Kf3 Qf6 33. Qe3 b6 34. Qe6+ Kg7
35. Qxf6+ Kxf6 36. Kg4 Kg6 37. Bxh4 Bg7 38. Bd8 Bf6 39. Bxb6 Kf7 40. Bxa5 Ke8
41. Bb6 Kd7 42. a5 Kc8 43. Kf5 Bh4 44. Ke6 Bg3 45. f5 Bh4 46. Kxd6 Bg3+ 47. Ke7
Bf2 48. f6 Bh4 49. d6 Kb7 50. d7 Bxf6+ 51. Kxf6 1-0

[Event "AUTO-INT-1661"]
[Site "http://www.queenalice.com/game.php?id=812089"]
[Date "2010.8.2"]
[Round "2"]
[White "lialcham"]
[Black "rpalmero"]
[Result "0-1"]
[WhiteElo "1592"]
[BlackElo "1908"]

1. e4 c5 2. c4 Nc6 3. d3 Nf6 4. Nf3 d6 5. h3 e5 6. Bg5 Be7 7. Nc3 a6 8. Qb3 Nd4
9. Nxd4 cxd4 10. Bxf6 dxc3 11. Bxe7 Qxe7 12. Qxc3 Bd7 13. a4 O-O 14. Be2 f5 15.
exf5 Rxf5 16. g4 Rf4 17. f3 Rc8 18. Qb4 Bc6 19. O-O Rcf8 20. Qb3 Qh4 21. Kh2
Bxf3 22. Bxf3 Rxf3 23. Rxf3 Rxf3 24. c5+ Kf8 25. Qxb7 Qxh3+ 26. Kg1 Qxg4+ 27.
Kh2 Rh3# 0-1

[Event "AUTO-INT-1661"]
[Site "http://www.queenalice.com/game.php?id=812092"]
[Date "2010.8.2"]
[Round "2"]
[White "Blutigeroo"]
[Black "lialcham"]
[Result "1-0"]
[WhiteElo "1842"]
[BlackElo "1598"]

1. e4 e5 2. Nf3 d6 3. Bc4 h6 4. O-O Nf6 5. d4 Nxe4 6. dxe5 dxe5 7. Qxd8+ Kxd8 8.
Bxf7 Nc6 9. Re1 Bf5 10. Nh4 Bh7 11. Bg6 Nf6 12. b3 Bd6 13. Bb2 Nd4 14. Bxd4 exd4
15. Nd2 Ng4 16. g3 Ne5 17. Bxh7 Rxh7 18. f4 Ng4 19. Nc4 Bc5 20. Kg2 b5 21. Ne5
Ne3+ 22. Rxe3 dxe3 23. Nhg6 Kc8 24. Rd1 Kb7 25. Rd5 e2 26. Nd3 c6 27. Rxc5 Re8
28. Re5 Rxe5 29. fxe5 h5 30. Kf2 Rh6 31. Ndf4 h4 32. g4 h3 33. e6 Kc8 34. g5 Rh7
35. Kxe2 Kd8 36. Kd3 Ke8 37. Kd4 a5 38. Kc5 Kd8 39. Kxc6 b4 40. Kb5 Kc7 41. Kxa5
Kc6 42. Kxb4 Kd6 43. a4 Kc6 44. a5 Kb7 45. a6+ Kxa6 46. e7 1-0

[Event "AUTO-INT-1661"]
[Site "http://www.queenalice.com/game.php?id=812093"]
[Date "2010.8.2"]
[Round "2"]
[White "lialcham"]
[Black "Blutigeroo"]
[Result "0-1"]
[WhiteElo "1600"]
[BlackElo "2004"]

1. e4 e5 2. Nf3 Nf6 3. d3 Be7 4. Nxe5 O-O 5. Qf3 d6 6. Nc4 Bg4 7. Qf4 Nc6 8. h3
Be6 9. Nba3 a6 10. g4 b5 11. Ne3 d5 12. e5 Nd7 13. d4 Bg5 14. Qg3 Nxd4 15. c3
Nc6 16. f4 Bh4 17. Qxh4 Qxh4+ 18. Kd2 Qf2+ 19. Be2 Qxf4 20. Rf1 Qxe5 21. Nf5
Rfe8 22. b4 Bxf5 23. gxf5 Qxe2# 0-1

[Event "AUTO-INT-1719"]
[Site "http://www.queenalice.com/game.php?id=856494"]
[Date "2010.11.8"]
[Round "2"]
[White "dorszu"]
[Black "lialcham"]
[Result "1-0"]
[WhiteElo "1752"]
[BlackElo "1615"]

1. Nf3 d6 2. c4 Bg4 3. h3 Bxf3 4. exf3 c5 5. Nc3 e6 6. b3 Qf6 7. Be2 Nc6 8. Bb2
e5 9. Nd5 Qd8 10. O-O Nge7 11. Ne3 Qa5 12. Bc3 Qa6 13. Qc2 g6 14. Rfe1 Bh6 15.
Ng4 Bg7 16. f4 f6 17. fxe5 dxe5 18. Bf3 h5 19. Ne3 b5 20. cxb5 Qxb5 21. Nc4 O-O
22. Bxc6 Nxc6 23. Qxg6 Ne7 24. Qxh5 Nd5 25. Nd6 Qd7 26. Nf5 Nb4 27. Nxg7 Qxg7
28. Bxb4 cxb4 29. Re4 f5 30. Rxb4 e4 31. Qe2 Rf6 32. g3 Rh6 33. Rc1 Rxh3 34. Kg2
Qh7 35. Rg1 Rh2+ 36. Kf1 Qh3+ 37. Ke1 Rc8 38. Kd1 Qh6 39. Qe3 Qc6 40. Rc4 Qd7
41. Qg5+ Kf8 42. Qf6+ Ke8 43. Qe5+ Kf7 44. Rxc8 Qxc8 45. Rf1 Kg6 46. g4 Kg5 47.
Qxh2 fxg4 48. Rg1 Qf5 49. Rh1 Qf3+ 50. Ke1 Qd3 51. Qh6+ Kf5 52. Rh5# 1-0

[Event "AUTO-INT-1719"]
[Site "http://www.queenalice.com/game.php?id=856495"]
[Date "2010.11.8"]
[Round "2"]
[White "lialcham"]
[Black "dorszu"]
[Result "0-1"]
[WhiteElo "1631"]
[BlackElo "1784"]

1. e4 c5 2. Bc4 Nc6 3. Qf3 Ne5 4. Qc3 Nxc4 5. Qxc4 e6 6. Nf3 b6 7. d4 d5 8. exd5
exd5 9. Qb5+ Bd7 10. Qa6 Nf6 11. Bg5 h6 12. Bxf6 Qxf6 13. c3 Bd6 14. O-O O-O 15.
Re1 Qg6 16. g3 Qh5 17. Nh4 Bh3 18. Na3 Be7 19. Re5 g5 20. Nf5 Rfe8 21. Nxe7+
Rxe7 22. Rxe7 Qf3 23. Qb7 Qg2# 0-1

[Event "AUTO-INT-1719"]
[Site "http://www.queenalice.com/game.php?id=856496"]
[Date "2010.11.8"]
[Round "2"]
[White "Agildo"]
[Black "lialcham"]
[Result "1-0"]
[WhiteElo "1874"]
[BlackElo "1621"]

1. d4 d5 2. c4 dxc4 3. Nc3 e6 4. e4 Nc6 5. Nf3 Bb4 6. Bxc4 Nf6 7. Qc2 Nxd4 8.
Nxd4 Qxd4 9. Be3 Qxc4 10. O-O-O Bxc3 11. Bd4 Nxe4 12. Bxg7 Rg8 13. Bxc3 Rxg2 14.
Rd4 Qa6 15. Qxe4 Rxf2 16. Qxh7 Rf1+ 17. Rxf1 Qxf1+ 18. Kc2 c5 19. Qg8+ Ke7 20.
Qd8# 1-0

[Event "AUTO-INT-1719"]
[Site "http://www.queenalice.com/game.php?id=856497"]
[Date "2010.11.8"]
[Round "2"]
[White "lialcham"]
[Black "Agildo"]
[Result "0-1"]
[WhiteElo "1604"]
[BlackElo "1815"]

1. e4 c6 2. c4 d5 3. exd5 cxd5 4. cxd5 Qxd5 5. Nc3 Qa5 6. Qb3 Nc6 7. Nb5 e5 8.
Nf3 Nf6 9. Qc3 Qxc3 10. bxc3 Kd8 11. Ng5 Be6 12. Nxe6+ fxe6 13. Bc4 Nd5 14. O-O
a6 15. Na3 b5 16. Bd3 Bc5 17. c4 bxc4 18. Bxc4 Na5 19. d3 Rf8 20. Nc2 Nxc4 21.
dxc4 Nc3 22. Re1 Bxf2+ 23. Kf1 Bxe1+ 24. Kxe1 Rb8 25. Ba3 Rf5 26. Nb4 Kc7 27.
Nxa6+ Kb7 28. Nxb8 Kxb8 29. Rc1 Na4 30. Bd6+ Kc8 31. c5 Kd7 32. Bb8 e4 33. c6+
Kd8 34. c7+ Kc8 35. Rd1 Rd5 36. Rxd5 exd5 37. Kd2 Nc5 38. g4 Nd7 39. Ke3 Nxb8
40. cxb8=Q+ Kxb8 41. Kd4 Ka7 42. h4 Ka6 43. h5 Ka5 44. Kc3 Ka4 45. g5 Ka3 46.
Kd4 h6 47. g6 Kxa2 48. Ke3 Kb3 49. Kd4 Kb4 50. Ke3 Kc3 51. Ke2 d4 52. Kd1 Kd3
53. Ke1 Kc2 54. Ke2 d3+ 0-1